00600nam a2200157Ia 450000500170000000800410001708200230005810000180008124500320009926000440013130000120017550001350018794200060032295200990032899900150042720250310050637.0240331s9999 xx 000 0 und d bYOG25441a894.811 aYoganathan, S 0aAnmaiyil Oru Natchaththiram aMadras, bThamizhosai Pathippakamc1984 a224 p., aA short story collection in Tamil about the current situation of the Eelam people and the common problems in developing countries. cL 001040708LaWERCLbWERCLcSSCd2024-03-31l0o 894.811 YOGp5441r2024-03-31w2024-03-31yL c3795d3795